NCAA Tournament Winning Coaches Quiz Stats

 Plays Quiz Updated Mar 16, 2018

Challenge
Share
Tweet
Score 0/30 Timer 08:00
3 Plays Today
Coach % Correct
Bob Knight
92.6%
Roy Williams
88.6%
Rick Pitino
88.5%
Tubby Smith
88.3%
Dean Smith
88.3%
Jim Valvano
85.6%
John Calipari
84.7%
Gary Williams
84.5%
Mike Krzyzewski
84.3%
John Wooden
83.6%
Tom Izzo
81.2%
Jim Boeheim
81.1%
John Thompson
78.1%
Billy Donovan
77.2%
Larry Brown
76.2%
Coach % Correct
Jim Calhoun
69.7%
Bill Self
68.8%
Jerry Tarkanian
67.2%
Lute Olson
60.5%
Jay Wright
60.4%
Kevin Ollie
58.8%
Nolan Richardson
55.1%
Rollie Massimino
48.3%
Denny Crum
45.8%
Steve Fisher
44.5%
Al McGuire
35%
Jim Harrick
25.2%
Jud Heathcote
23.9%
Joe B. Hall
22.4%
Norm Sloan
10.3%

You're not logged in!

Compare scores with friends on all Sporcle quizzes.
Join for Free
OR
Log In

You Might Also Like...

Show Comments

Extras

Top Quizzes Today


Score Distribution

Your Account Isn't Verified!

In order to create a playlist on Sporcle, you need to verify the email address you used during registration. Go to your Sporcle Settings to finish the process.

Report this User

Report this user for behavior that violates our Community Guidelines.

Details: